000
00279nam a2200133Ia 4500
100
_a
Wolverton Van
942
_c
BK
654
_a
Ms dos
245
_a
Super charging MS DOS
260
_b
Microsoft Press
_a
Washington
_c
1989
082
_a
5.44
546
_a
ENGLISH
999
_c
31541
_d
31541